书目信息 |
| 书名: | The island of Dr. Moreau | |
| 作者: | H.G.WELLS | |
| 分册号: | ||
| 分册名: | 出版地: | New York : |
|
| 出版社: | Airmont Pub. Co., Inc | |
| 出版时间: | 1966. | |
| 页数: | 127 p. : | |
| 开本: | 20020930 | |
| 丛书名: | ||
| 中图分类号: | ||
| 科图分类号: | ||
| 其他分类号: | H319.4 | |
| 主题词: | ||
| 电子资源: | ||
| 000 | 00661nam 2200205 a 4500 | |
| 001 | E0739039809 | |
| 005 | 20070227105745.00 | |
| 008 | uu | |
| 020 | @cCNY0.40. | |
| 040 | @aNLC | |
| 049 | @aN5LA | |
| 090 | @a2/I561.45/WHGS//////*963083/-4;/ | |
| 090 | @aH319.4 | |
| 096 | @aI561.45 @v2 | |
| 099 | @dH319.4@ex260 | |
| 100 | 1 | @aWells, H. G. @q(Herbert George), @d1966 |
| 245 | 14 | @aThe island of Dr. Moreau / @cH.G.WELLS |
| 260 | @aNew York :@bAirmont Pub. Co., Inc.,@c1966. | |
| 300 | @a127 p. :@b00 ;@c20020930@lNLC09@h2244@lNLC09@h2234@lNLC09@h1826 :@b01 ;@c20031015@lNLC09@h1644 :@b01 ;@c20031015@lNLC09@h1644 | |
| 852 | 9 | @bWWJC @cJ08S @k2 @hI561.45 @iWHGS |
| The island of Dr. Moreau / / H.G.WELLS.-New York : : Airmont Pub. Co., Inc., , 1966. |
| 127 p. : : 00 ; ; 20020930 : 01 ; ; 20031015 : 01 ; ; 20031015 |
| ISBN CNY0.40. |
| ● |
| 相关链接 |
|
|
|
|
正题名:island of Dr. Moreau
索取号:H319.4/x260
 
预约/预借
| 序号 | 登录号 | 条形码 | 馆藏地/架位号 | 状态 | 备注 |
| 1 | 123807 | 001427003 | 第四借阅区/ [索取号:H319.4/x260] | 在馆 | |
| 2 | 123808 | 001426978 | 第四借阅区/ [索取号:H319.4/x260] | 在馆 | |
| 3 | 123809 | 001426996 | 第四借阅区/ [索取号:H319.4/x260] | 在馆 | |
| 4 | 123810 | 001426987 | 第四借阅区/ [索取号:H319.4/x260] | 在馆 | |
| 5 | 123811 | 001427012 | 第二样本阅览室/ [索取号:H319.4/x260] | 在馆 |